Shakespeare's queer analytics: (Record no. 1464812)

MARC details
000 -LEADER
fixed length control field 00942 a2200253 4500
005 - DATE AND TIME OF LATEST TRANSACTION
control field 20251215170341.0
008 - FIXED-LENGTH DATA ELEMENTS--GENERAL INFORMATION
fixed length control field 251215b |||||||| |||| 00| 0 eng d
020 ## - INTERNATIONAL STANDARD BOOK NUMBER
International Standard Book Number 9781350288690 (pbk)
037 ## - SOURCE OF ACQUISITION
Terms of availability TB
040 ## - CATALOGING SOURCE
Original cataloging agency AL
Transcribing agency AL
041 ## - LANGUAGE CODE
Source of code eng
Language code of text/sound track or separate title eng
084 ## - COLON CLASSIFICATION NUMBER
Classification number O111,2J64:g R3
Assigning agency AL
100 ## - MAIN ENTRY--PERSONAL NAME
Personal name Rodrigues, Don
9 (RLIN) 848564
245 ## - TITLE STATEMENT
Title Shakespeare's queer analytics:
Remainder of title distant reading and collaborative intimacy in love's martyr
260 ## - PUBLICATION, DISTRIBUTION, ETC.
Place of publication, distribution, etc. London, UK;
-- New York, USA:
Name of publisher, distributor, etc. The Arden Shakespeare,
Date of publication, distribution, etc. 2023.
300 ## - PHYSICAL DESCRIPTION
Extent xv, 274p.
365 ## - TRADE PRICE
Price amount 28.99
Currency code UKP
490 ## - SERIES STATEMENT
Series statement The Arden Shkespeare studies in language and digital methdologies
650 ## - SUBJECT ADDED ENTRY--TOPICAL TERM
Topical term or geographic name entry element English Literature
9 (RLIN) 856804
650 ## - SUBJECT ADDED ENTRY--TOPICAL TERM
Topical term or geographic name entry element English Drama
9 (RLIN) 856805
650 ## - SUBJECT ADDED ENTRY--TOPICAL TERM
Topical term or geographic name entry element William Shakespear
9 (RLIN) 856806
942 ## - ADDED ENTRY ELEMENTS (KOHA)
Koha item type Textbook
Source of classification or shelving scheme Colon Classification (CC)
Suppress in OPAC No
Classification part O111,2J64:g R3
Holdings
Withdrawn status Lost status Source of classification or shelving scheme Damaged status Not for loan Home library Current library Date acquired Source of acquisition Cost, normal purchase price Inventory number Total Checkouts Full call number Barcode Date last seen Cost, replacement price Price effective from Koha item type
    Colon Classification (CC)     Arts Library Arts Library 2025-11-10 32/ Govinda Book House 2709.75 6951 & 2025-10-24   O111,2J64:g R3 AL1804951 2025-11-10 3387.19 2025-11-10 Textbook
Copyright @ Delhi University Library System